Časové rady
Na minha lista:
| Autor principal: | |
|---|---|
| Formato: | Livro |
| Idioma: | eslovaco |
| Publicado em: |
Košice
Podnikovohospodárska fakulta EU
[2012]
|
| Assuntos: | |
| Tags: |
Sem tags, seja o primeiro a adicionar uma tag!
|
MARC
| LEADER | 00000nam$a2200000$$$4500 | ||
|---|---|---|---|
| 001 | 0176902 | ||
| 005 | 20240502073020.9 | ||
| 041 | 0 | |a slo | |
| 044 | |a SK | ||
| 245 | 1 | 0 | |a Časové rady |c Silvia Megyesiová |
| 264 | 1 | |a Košice |b Podnikovohospodárska fakulta EU |c [2012] | |
| 300 | |a [33 s.] | ||
| 610 | 2 | 0 | |a rady časové |
| 610 | 2 | 0 | |a štatistika ekonomická |
| 100 | 1 | |a Megyesiová, Silvia, 1969- | |